Hombres y empresas de España : (Record no. 81187)

MARC details
000 -LEADER
campo de control de longitud fija 00757nam a2200205 i 4500
001 - NÚMERO DE CONTROL
campo de control 81187
003 - IDENTIFICADOR DE NÚMERO DE CONTROL
campo de control ES-MaACL
005 - FECHA Y HORA DE LA ÚLTIMA TRANSACCIÓN
campo de control 20250902062401.0
007 - CAMPO FIJO DE DESCRIPCIÓN FÍSICA--INFORMACIÓN GENERAL
campo de control de longitud fija t|
008 - DATOS DE LONGITUD FIJA--INFORMACIÓN GENERAL
campo de control de longitud fija 041103s1973 sp ||||1| spa d
110 2# - ENTRADA PRINCIPAL--NOMBRE DE ENTIDAD CORPORATIVA
Nombre de entidad corporativa o nombre de jurisdicción como elemento de entrada Información y Venta (Madrid)
9 (RLIN) 163577
245 10 - MENCIÓN DEL TÍTULO
Título Hombres y empresas de España :
Resto del título (enciclopedia económica española)... /
Mención de responsabilidad, etc. estudio realizado por Inforven, S.A. [director general, Fernando Orca Mateo].
260 ## - PUBLICACIÓN, DISTRIBUCIÓN, ETC.
Lugar de publicación, distribución, etc. Madrid :
Nombre del editor, distribuidor, etc. Cerrillo Cueto,
Fecha de publicación, distribución, etc. 1973.
300 ## - DESCRIPCIÓN FÍSICA
Extensión 2 v. :
Otras características físicas il. ;
Dimensiones 28 cm.
505 8# - NOTA DE CONTENIDO CON FORMATO
Nota de contenido con formato Contiene: I. Madrid y provincia (1126 p.) - II: Vascongadas (542 p.)
650 #7 - PUNTO DE ACCESO ADICIONAL DE MATERIA--TÉRMINO DE MATERIA
Término de materia o nombre geográfico como elemento de entrada Empresas-
Subdivisión de forma Enciclopedias
Fuente del encabezamiento o término
9 (RLIN) 166213
700 1# - ENTRADA AGREGADA--NOMBRE PERSONAL
Nombre de persona Orca Mateo, Fernando.
9 (RLIN) 163579
852 4# - LOCALIZACIÓN
Ubicación ES-MaACL
Número de control de estantería G-6879-80
Holdings
Estatus retirado Estado de pérdida Estado de daño No para préstamo Colección Biblioteca de origen Biblioteca actual Ubicación en estantería Fecha de adquisición Fuente de adquisición Total de préstamos Signatura topográfica completa Código de barras Visto por última vez Precio de reemplazo Tipo de ítem Koha
        Colección de referencia Biblioteca del Ateneo de Madrid Biblioteca del Ateneo de Madrid Depósito 2 17/01/2008     G-6879-80 1084872 23/02/2023 23/02/2023 Libro impreso